000 00287nam a22001097a 4500
040 _cSK
082 _a333
100 _aជ្រុន រិទ្ធី
245 _aRenewable energy; ថាមពលកកើតឡើងវិញ
260 _aRUA
_bជ្រុន
_c2008
942 _cKB
999 _c10109
_d10109